000 00551nam a22001937a 4500
003 KOHA_MİRAKIL
005 20260601105251.0
008 260601b tu ||||| |||| 00| 0 tur d
040 _aTR-AnABB
_btur
_cTR-AnABB
041 _atur
082 _a352.095 213 5
_bADM 1978
245 0 3 _aAn administrative perspective of Tokyo
260 _a[y. y.] :
_b[yayl.y.],
_c1978
300 _a197 sayfa ;
_c18 cm
650 0 4 _aYerel yönetimler, Tokyo
650 0 4 _aYerel yönetimler
900 _bCan ÇELIK
942 _2ddc
_cBK
999 _c10388
_d10388